000 01041nam a2200229Ia 4500
003 Ost
005 20260507074854.0
008 260507s9999||||xx |||||||||||||| ||und||
020 _a9770498327
040 _cfsecg
041 _aara
082 _a332.75
100 _aزمزم، عبد المنعم
_eمؤلف
245 0 _aالإفلاس في القانون الدولي الخاص /
_c عبد المنعم زمزم
260 _aالقاهرة:
_bدار النهضة العربية,
_c2006
300 _a286 صفحة؛
_bإيضاحات ؛
_c24 سم
504 _aبيبليوغرافيا: ص.279
520 _aيضم الافلاس الدولي في الفقه القانوني، الافلاس الدولي في بعض الاتفاقيات الدولية، القانون النموذجي للأمم المتحدة بشأن الافلاس الدولي، الافلاس الدولي في بعض القوانين الوطنية
653 _aالافلاس
653 _aالقانون الدولي الخاص
942 _cكتاب
999 _c41603
_d41603